Fictional Robots - Statistics

General Stats
  • This quiz has been taken 58 times
  • The average score is 11 of 20
Answer Stats
Picture Answer % Correct
R2-D2
94%
Wall-E
92%
Terminator
88%
Optimus Prime
84%
C-3PO
80%
Bender
78%
Iron Giant
73%
BB-8
67%
Mega Man
65%
Freddy Fazbear
59%
Data
55%
Mechagodzilla
49%
Ultron
49%
Karen
43%
HAL 9000
37%
Rosie
29%
Liberty Prime
25%
Gort
18%
Charlie the Haunted Robot
14%
Dr. Khal's Robot
8%
No matching quizzes found
Score Distribution
Percent of People with Each Score
Percentile by Number Answered
Your Score History
You have not taken this quiz